Normal view MARC view

Entry Personal Name

Number of records used in: 1

001 - CONTROL NUMBER

  • control field: 217905

003 - CONTROL NUMBER IDENTIFIER

  • control field: OSt

005 - DATE AND TIME OF LATEST TRANSACTION

  • control field: 20220924144549.0

008 - FIXED-LENGTH DATA ELEMENTS

  • fixed length control field: 220924|| aca||aabn | a|a d

040 ## - CATALOGING SOURCE

  • Original cataloging agency: OSt
  • Transcribing agency: OSt

100 ## - HEADING--PERSONAL NAME

  • Personal name: Ghausi Nizamuddin Shakeeb

670 ## - SOURCE DATA FOUND

  • Source citation: Work cat.: (OSt)457472: Ghausi Nizamuddin Shakeeb , Dast-e-girdaan, 1992
Copyright @ Delhi University Library System